Statistics for Best NFL Quarterbacks Since 2000

Click here to take the quiz!

General Stats

  • This quiz has been taken 205 times
  • The average score is 7 of 15

Answer Stats

HintAnswer% Correct
1Tom Brady
98%
2Peyton Manning
90%
5Eli Manning
90%
3Aaron Rodgers
81%
10Drew Brees
78%
9Michael Vick
46%
7Kurt Warner
39%
13Donovan Mcnabb
39%
4Tony Romo
37%
15Andrew Luck
28%
14Jay Cutler
22%
6Daunte Culpepper
19%
11Johnny Manziel
10%
12Mike Glennon
10%
8Trent Dilfer
4%

Score Distribution

Percentile by Number Answered

Percent of People with Each Score

Your Score History

You have not taken this quiz